[Event "COL-ch Amateur U1700"]
[Site "Bogota"]
[Date "2018.02.17"]
[Round "5.4"]
[White "Escobar, Camilo Hernando"]
[Black "Diaz, Jose Joaquin"]
[Result "0-1"]
[WhiteElo "1654"]
[BlackElo "1901"]
[PlyCount "75"]
[EventDate "2018.02.15"]
[EventType "swiss"]
[EventRounds "7"]
[EventCountry "COL"]
[SourceTitle "EXT 2024"]
[Source "ChessBase"]
[SourceDate "2023.10.10"]
[SourceVersion "1"]
[SourceVersionDate "2023.10.10"]
[SourceQuality "1"]

1. d4 Nf6 2. Bg5 e6 3. e4 Be7 4. e5 Nd5 5. Bd2 d6 6. c4 Nb6 7. Qg4 g6 8. Nf3 dxe5 9. dxe5 c5 10. Nc3 Bd7 11. Bd3 Bc6 12. Be4 a6 13. 0-0-0 Qc7 14. h4 N8d7 15. Bxc6 Qxc6 16. Qf4 h6 17. b3 Rh7 18. Ne4 0-0-0 19. Bc3 Kb8 20. Nd6 Nc8 21. Ne4 b5 22. cxb5 axb5 23. Kb1 Ncb6 24. Nd6 Nd5 25. Qc1 Bxd6 26. exd6 Kb7 27. Ba5 N7b6 28. Bxb6 Qxb6 29. h5 Qxd6 30. hxg6 fxg6 31. Qc2 Rc7 32. Rde1 c4 33. Rxh6 Qa3 34. Rxg6 Nb4 35. Qb2 Qxb2+ 36. Kxb2 Nd3+ 37. Kc2 Nxe1+ 38. Nxe1 0-1